[Event "Iraklio SOI op-A 9th"]
[Site "Iraklio"]
[Date "2013.09.03"]
[Round "1"]
[White "Fakidis, Georgios A"]
[Black "Dacalor, Aurelie"]
[Result "0-1"]
[WhiteElo "1140"]
[BlackElo "2016"]
[PlyCount "60"]
[EventDate "2013.09.03"]
[EventType "swiss"]
[EventRounds "7"]
[EventCountry "GRE"]
[SourceTitle "EXT 2024"]
[Source "ChessBase"]
[SourceDate "2023.10.10"]
[SourceVersion "1"]
[SourceVersionDate "2023.10.10"]
[SourceQuality "1"]

1. e4 d5 2. exd5 Qxd5 3. Nc3 Qd6 4. d4 Nf6 5. Nf3 a6 6. Bd3 Bg4 7. 0-0 Nc6 8. Be3 e6 9. Qe2 Be7 10. Rad1 0-0 11. Rfe1 Rad8 12. Bc4 b5 13. Bb3 Na5 14. h3 Bh5 15. Rd2 Nxb3 16. axb3 Rfe8 17. Red1 b4 18. Na4 Ne4 19. Rd3 f5 20. c3 f4 21. Bc1 Ng5 22. Nc5 Rb8 23. Ne4 Nxe4 24. Qxe4 Bg6 25. Qe2 Bxd3 26. Qxd3 bxc3 27. Qxc3 Bf6 28. Qd3 Rb5 29. Qc4 Rd5 30. Rd3 g5 0-1

[Event "Heraklion SOI op 5th"]
[Site "Heraklion"]
[Date "2012.04.19"]
[Round "4"]
[White "Konstantinomanolakis, Stavros"]
[Black "Fakidis, Georgios A"]
[Result "1-0"]
[WhiteElo "1682"]
[BlackElo "1010"]
[PlyCount "51"]
[EventDate "2012.04.17"]
[EventType "swiss"]
[EventRounds "7"]
[EventCountry "GRE"]
[SourceTitle "EXT 2024"]
[Source "ChessBase"]
[SourceDate "2023.10.10"]
[SourceVersion "1"]
[SourceVersionDate "2023.10.10"]
[SourceQuality "1"]

1. d4 Nf6 2. c4 g6 3. Nc3 Bg7 4. e4 d6 5. Nf3 Nc6 6. Be2 Bg4 7. 0-0 Bxf3 8. Bxf3 e5 9. dxe5 dxe5 10. Nd5 0-0 11. Bg5 Qd6 12. Nxf6+ Bxf6 13. Qxd6 cxd6 14. Bxf6 Na5 15. Be2 Nc6 16. Bd1 a6 17. f4 b5 18. cxb5 axb5 19. f5 Rfe8 20. fxg6 hxg6 21. Rf3 Ne7 22. Rh3 Kf8 23. Rh8+ Ng8 24. Bb3 Rac8 25. Rf1 Rc6 26. Bd5 1-0